00810 2200289 4500001002100000005001500021035002000036007000300056040001700059100003600076245007200112250001000184300002900194020001800223041000800241082001000249084001600259090001600275264007000291336002100361337003000382338002300412650001200435850001000447008004100457990002200498INLIS00000000001338020260529110948 a0010-0725000139ta aSBPUPADbind0 aMoh. Masyhuri Na'im:ePengarang1 aNU Melawan Korupsi :bKajian Tafsir dan Fiqh /cMoh. Masyhuri Na'im aCet.1 a182 hlm :bilus. ;c15cm a979-99975-2-6 bind a364.4 a364.4 MOH n a364.4 MOH n aJakarta :bTim Kerja Gerakan Nasional Pemberatasan Korupsi,c2006 2rdacontentateks 2rdamediaatanpa perantara 2rdacarrieravolume 4aKorupsi aPUPAD260529 0 ind  a39.196/s/DPK/2025